VI Jornada de Historia Naval y Marítima: actas 2010
Saved in:
| Format: | Bog |
|---|---|
| Sprog: | spansk |
| Udgivet: |
Valparaíso, Chile
Museo Naval y Marítimo de Valparaíso
2011
|
| Fag: | |
| Tags: |
Tilføj Tag
Ingen Tags, Vær først til at tagge denne postø!
|
MARC
| LEADER | 00000cam a2200000 a 4500 | ||
|---|---|---|---|
| 001 | UCF0771 | ||
| 003 | CL-VaPUC | ||
| 005 | 20200604115257.0 | ||
| 008 | 120607e20111200cl 1 spa d | ||
| 999 | |c 384675 |d 384673 | ||
| 040 | |c Pontificia Universidad Católica de Valparaíso | ||
| 082 | 0 | 4 | |a 359.00983 ACT 2011 |2 21 |
| 245 | 1 | 0 | |a VI Jornada de Historia Naval y Marítima: |b actas 2010 |
| 260 | |a Valparaíso, Chile |b Museo Naval y Marítimo de Valparaíso |c 2011 | ||
| 300 | |a 110 páginas | ||
| 518 | |p Jornada de historia Naval y Marítima, 6, Valparaíso, 1 y 2 de septiembre de 2010 | ||
| 536 | |a Armada de Chile | ||
| 546 | |a En Español | ||
| 583 | |a last modification |c 20190910 10:48:24 |k Rodrigo Vera | ||
| 610 | |2 ARMADA DE CHILE | ||
| 650 | 0 | 7 | |a HISTORIA NAVAL |2 CL-VaPUC |9 540127 |z CHILE |
| 852 | |a BIBCUR | ||
| 942 | |c BK |2 ddc | ||
| 945 | |a dcastane |d 20120607 00:00:00 | ||
| 952 | |0 0 |1 0 |2 ddc |4 0 |6 359_009830000000000_ACT_2011 |7 0 |8 A |9 507543 |a BIBHIS |b BIBHIS |d 2020-01-23 |i 486977K |o 359.00983 ACT 2011 |p 486977K |r 2025-01-20 |t 1 |w 2020-01-23 |y BK |k HIS | ||